Score 0/7 Timer 03:00
0 Plays Today
Question Answer Wrong Answers
The US Congress passes an act creating this territory, which would later become a state noted for its dairy products.
1836
Wisconsin
86.1%
Minnesota
6.2%
Michigan
3.9%
Illinois
3.3%
The Deepwater Horizon drilling rig explodes in this body of water, killing 11 crewmen.
2010
Gulf of Mexico
80.1%
Atlantic Ocean
5.8%
Pacific Ocean
6.4%
Arctic Ocean
4.4%
This Chicago Bulls star sets a playoff record with 63 points in one game.
1986
Michael Jordan
78.8%
Magic Johnson
11.1%
Scottie Pippen
2.5%
Larry Bird
5%
Auto racer ______ becomes the first woman to place first in an Indy Car race.
2008
Danica Patrick
75.8%
Shawna Robinson
6.8%
Janet Guthrie
10.1%
Mara Reyes
4.3%
This baseball stadium, home to the Green Monster, officially opens.
1912
Fenway Park
73.4%
Wrigley Field
14.5%
Yankee Stadium
7.1%
Polo Grounds
3.4%
This English politician and scholar gives his controversial 'Rivers of Blood' speech, criticizing the United Kingdom's immigration policy.
1968
Enoch Powell
39.6%
Edward Heath
39.9%
Simon Heffer
9.6%
Tony Benn
8.6%
This European country declares war against the King of Hungary and Bohemia, marking the beginning of that country's revolutionary wars.
1792
France
26.9%
Austria
54.6%
Sweden
3.1%
Germany
15.3%
Remove Ads.
Support Sporcle.
Get the best of Sporcle when you Go Orange. This ad-free experience offers more features, more stats, and more fun while also helping to support Sporcle. Thank you for becoming a member.

You're not logged in!

Compare scores with friends on all Sporcle quizzes.
OR
Log In

Show Comments

Extras

Top Quizzes Today


Score Distribution

Your Account Isn't Verified!

In order to create a playlist on Sporcle, you need to verify the email address you used during registration. Go to your Sporcle Settings to finish the process.

Report this User

Report this user for behavior that violates our Community Guidelines.

Details: